[Event "PAR-ch"]
[Site "Asuncion"]
[Date "2016.12.11"]
[Round "8"]
[White "Latorre Lopez Moreira, Luis Matias"]
[Black "Valiente, Cristobal"]
[Result "1-0"]
[WhiteElo "2354"]
[BlackElo "2220"]
[PlyCount "33"]
[EventDate "2016.12.05"]
[EventType "tourn"]
[EventRounds "9"]
[EventCountry "PAR"]
[EventCategory "5"]
[SourceTitle "CBM 176 Extra"]
[Source "ChessBase"]
[SourceDate "2017.03.02"]
[SourceVersion "1"]
[SourceVersionDate "2017.03.02"]
[SourceQuality "1"]

1. d4 d5 2. c4 Nc6 3. Nc3 Nf6 4. Nf3 dxc4 5. Bg5 Bg4 6. d5 Bxf3 7. gxf3 Ne5 8. Qd4 Ng6 9. 0-0-0 a6 10. Qxc4 Qd6 11. Bh3 b5 12. Qd4 e5 13. dxe6 Qxd4 14. Rxd4 Bc5 15. Rd7 0-0 16. Bxf6 gxf6 17. Ne4 1-0

[Event "PAR-ch"]
[Site "Asuncion"]
[Date "2016.12.10"]
[Round "7"]
[White "Valiente, Cristobal"]
[Black "Delgado Ramirez, Neuris"]
[Result "0-1"]
[WhiteElo "2220"]
[BlackElo "2617"]
[PlyCount "50"]
[EventDate "2016.12.05"]
[EventType "tourn"]
[EventRounds "9"]
[EventCountry "PAR"]
[EventCategory "5"]
[SourceTitle "CBM 176 Extra"]
[Source "ChessBase"]
[SourceDate "2017.03.02"]
[SourceVersion "1"]
[SourceVersionDate "2017.03.02"]
[SourceQuality "1"]

1. e4 c5 2. Nc3 Nc6 3. g3 g6 4. Bg2 Bg7 5. d3 d6 6. Be3 Rb8 7. Qd2 b5 8. Nge2 b4 9. Nd1 e5 10. 0-0 Nge7 11. c3 0-0 12. f4 bxc3 13. bxc3 exf4 14. gxf4 f5 15. Nf2 Qa5 16. Rfd1 Qa3 17. Qc1 Qa6 18. Ng3 Be6 19. d4 cxd4 20. cxd4 fxe4 21. Nfxe4 Nb4 22. Bf1 Qa4 23. Nxd6 Nc2 24. Bb5 Rxb5 25. Nxb5 Nd5 0-1

[Event "PAR-ch op"]
[Site "Asuncion"]
[Date "2016.10.23"]
[Round "3"]
[White "Zacarias Martinez, Ruben David"]
[Black "Valiente, Cristobal"]
[Result "1/2-1/2"]
[WhiteElo "2205"]
[BlackElo "2218"]
[PlyCount "66"]
[EventDate "2016.10.21"]
[EventType "swiss"]
[EventRounds "9"]
[EventCountry "PAR"]
[SourceTitle "EXT 2018"]
[Source "ChessBase"]
[SourceDate "2017.10.13"]
[SourceVersion "1"]
[SourceVersionDate "2017.10.13"]
[SourceQuality "1"]

1. e4 d5 2. exd5 Qxd5 3. Nc3 Qd6 4. d4 Nf6 5. Nge2 a6 6. Bf4 Qd8 7. Qd2 e6 8. 0-0-0 Be7 9. f3 b5 10. Ng3 Bb7 11. Nge4 Nbd7 12. Bd3 0-0 13. h4 c5 14. dxc5 Nxc5 15. Nxc5 Bxc5 16. Qe2 Qa5 17. Kb1 Rfd8 18. Ne4 Nxe4 19. Bxe4 Bxe4 20. Qxe4 Rxd1+ 21. Rxd1 Rd8 22. Qe2 h6 23. c3 Be7 24. g3 Bf6 25. Rd3 Qb6 26. Rxd8+ Qxd8 27. Qd2 Qc8 28. Qd3 Qc6 29. Kc2 a5 30. h5 Qc5 31. g4 Qf2+ 32. Kb1 Qe1+ 33. Kc2 Qf2+ 1/2-1/2

[Event "Asuncion IRT op "]
[Site "Asuncion"]
[Date "2015.03.01"]
[Round "8"]
[White "Recalde, Ariel"]
[Black "Valiente, Cristobal"]
[Result "1/2-1/2"]
[WhiteElo "1900"]
[BlackElo "2227"]
[PlyCount "91"]
[EventDate "2015.02.20"]
[EventType "swiss"]
[EventRounds "9"]
[EventCountry "PAR"]
[SourceTitle "EXT 2017"]
[Source "ChessBase"]
[SourceDate "2016.10.25"]
[SourceVersion "1"]
[SourceVersionDate "2016.10.25"]
[SourceQuality "1"]

1. d4 d5 2. c4 dxc4 3. Nf3 Nf6 4. e3 e6 5. Bxc4 a6 6. 0-0 c5 7. dxc5 Qxd1 8. Rxd1 Bxc5 9. Nbd2 Nc6 10. Nb3 Be7 11. Nbd4 Nxd4 12. Nxd4 0-0 13. b3 Rd8 14. Bb2 Bd7 15. Rac1 Rac8 16. Be2 e5 17. Nf3 e4 18. Ne5 Be6 19. Rxc8 Rxc8 20. Rc1 Rxc1+ 21. Bxc1 Nd5 22. Bb2 Kf8 23. Nc4 Nb4 24. a3 Nc6 25. b4 f5 26. Kf1 b5 27. Nd2 Bd6 28. h3 Kf7 29. f3 Bd5 30. f4 Be7 31. g4 g6 32. g5 Ke6 33. Bd1 a5 34. bxa5 Nxa5 35. Be2 b4 36. axb4 Bxb4 37. Nb1 Bc5 38. Kf2 Nc6 39. Nc3 Nb4 40. Nb5 Nd3+ 41. Bxd3 exd3 42. Bd4 Bc4 43. Bxc5 Bxb5 44. Ke1 Kd5 45. Bf8 Ke4 46. Kd2 1/2-1/2

[Event "Asuncion IRT op "]
[Site "Asuncion"]
[Date "2015.03.01"]
[Round "9"]
[White "Valiente, Cristobal"]
[Black "Morales, Ever"]
[Result "1/2-1/2"]
[WhiteElo "2227"]
[BlackElo "1980"]
[PlyCount "41"]
[EventDate "2015.02.20"]
[EventType "swiss"]
[EventRounds "9"]
[EventCountry "PAR"]
[SourceTitle "EXT 2017"]
[Source "ChessBase"]
[SourceDate "2016.10.25"]
[SourceVersion "1"]
[SourceVersionDate "2016.10.25"]
[SourceQuality "1"]

1. d4 g6 2. e4 Bg7 3. Nc3 d6 4. f4 e6 5. Nf3 Ne7 6. Be3 b6 7. Bd3 0-0 8. 0-0 Nd7 9. Qd2 Bb7 10. Rad1 a6 11. Rfe1 b5 12. Ne2 Nf6 13. Ng3 Ng4 14. Bf2 Bh6 15. Re2 e5 16. dxe5 Nxf2 17. Rxf2 Nc6 18. exd6 Qxd6 19. e5 Qe6 20. Ne4 Rad8 21. Nc5 1/2-1/2

[Event "Asuncion IRT op "]
[Site "Asuncion"]
[Date "2015.02.21"]
[Round "3"]
[White "Valiente, Cristobal"]
[Black "Gonzalez, Augusto"]
[Result "1-0"]
[WhiteElo "2227"]
[BlackElo "1729"]
[PlyCount "59"]
[EventDate "2015.02.20"]
[EventType "swiss"]
[EventRounds "9"]
[EventCountry "PAR"]
[SourceTitle "EXT 2017"]
[Source "ChessBase"]
[SourceDate "2016.10.25"]
[SourceVersion "1"]
[SourceVersionDate "2016.10.25"]
[SourceQuality "1"]

1. Nf3 Nf6 2. d4 d5 3. c4 e6 4. g3 c5 5. cxd5 exd5 6. Bg2 Nc6 7. 0-0 Be7 8. Nc3 0-0 9. Bf4 c4 10. b3 Qa5 11. Qc2 Be6 12. Rfd1 Rfd8 13. Ne5 Rac8 14. bxc4 dxc4 15. Nxc6 bxc6 16. e4 Qh5 17. Rab1 g5 18. Bc1 Ng4 19. h3 Nf6 20. Qe2 Qxe2 21. Nxe2 g4 22. h4 Rb8 23. Be3 c3 24. Nxc3 Bb4 25. Bg5 Bxc3 26. Bxf6 Bxa2 27. Rbc1 Bb2 28. Rxc6 Rd7 29. Rd2 a5 30. Rxb2 1-0

[Event "Asuncion IRT op "]
[Site "Asuncion"]
[Date "2015.02.20"]
[Round "1"]
[White "Valiente, Cristobal"]
[Black "Servin, Alfredo"]
[Result "1-0"]
[WhiteElo "2227"]
[BlackElo "1506"]
[PlyCount "31"]
[EventDate "2015.02.20"]
[EventType "swiss"]
[EventRounds "9"]
[EventCountry "PAR"]
[SourceTitle "EXT 2017"]
[Source "ChessBase"]
[SourceDate "2016.10.25"]
[SourceVersion "1"]
[SourceVersionDate "2016.10.25"]
[SourceQuality "1"]

1. Nf3 Nf6 2. c4 c5 3. g3 Nc6 4. d4 e6 5. Bg2 d5 6. cxd5 Nxd5 7. 0-0 Be7 8. Nc3 Nxc3 9. bxc3 cxd4 10. cxd4 Bf6 11. Bb2 g6 12. e4 0-0 13. Rb1 Rb8 14. d5 exd5 15. exd5 Nb4 16. Bxf6 1-0

[Event "PAR-ch"]
[Site "Asuncion"]
[Date "2014.12.11"]
[Round "2"]
[White "Valiente, Cristobal"]
[Black "Delgado Ramirez, Neuris"]
[Result "0-1"]
[WhiteElo "2233"]
[BlackElo "2604"]
[PlyCount "118"]
[EventDate "2014.12.10"]
[EventType "tourn"]
[EventRounds "11"]
[EventCountry "PAR"]
[EventCategory "3"]
[SourceTitle "EXT 2016"]
[Source "ChessBase"]
[SourceDate "2015.10.08"]
[SourceVersion "1"]
[SourceVersionDate "2015.10.08"]
[SourceQuality "1"]

1. Nf3 Nf6 2. c4 e6 3. g3 a6 4. Bg2 b5 5. b3 Bb7 6. 0-0 c5 7. d3 d6 8. Nbd2 Be7 9. Bb2 0-0 10. e4 Nc6 11. Re1 Qb6 12. a3 Nd7 13. Rb1 Bf6 14. Bxf6 Nxf6 15. b4 cxb4 16. axb4 Nd7 17. Qe2 Nde5 18. Nxe5 dxe5 19. Nf3 Rfd8 20. Red1 Rd7 21. Rdc1 Rad8 22. Rb3 h6 23. h3 Rc8 24. Qb2 bxc4 25. Rxc4 f6 26. h4 Rcd8 27. Bf1 Na7 28. Qa2 Bc6 29. Ra3 Bb5 30. Rcc3 Qd6 31. Rc5 Nc6 32. Qb3 Kh7 33. Qc3 Nd4 34. Nxd4 Qxd4 35. Qb3 Qd6 36. Qb1 Qe7 37. Rac3 Rd4 38. Qb3 Qd6 39. Kh2 Rb8 40. Qa3 f5 41. exf5 exf5 42. Qb3 Bd7 43. Qf7 Rf8 44. Qa2 f4 45. Bg2 f3 46. Bf1 Rxh4+ 47. Kg1 Rd4 48. R3c4 Be6 49. Rxd4 exd4 50. Qc2 Re8 51. b5 axb5 52. Rxb5 Qd7 53. Qc5 Rc8 54. Qe5 Bf7 55. Qf5+ Qxf5 56. Rxf5 Be6 57. Re5 Bg4 58. Re1 Rc2 59. Ra1 Rd2 0-1

[Event "Asuncion ABC Color 2nd"]
[Site "Asuncion"]
[Date "2014.01.31"]
[Round "8"]
[White "Almiron, Antonio"]
[Black "Valiente, Cristobal"]
[Result "1/2-1/2"]
[WhiteElo "2221"]
[BlackElo "2240"]
[PlyCount "33"]
[EventDate "2014.01.25"]
[EventType "tourn"]
[EventRounds "9"]
[EventCountry "PAR"]
[SourceTitle "CBM 158 Extra"]
[Source "ChessBase"]
[SourceDate "2014.02.28"]
[SourceVersion "1"]
[SourceVersionDate "2014.02.28"]
[SourceQuality "1"]

1. e4 c5 2. Nf3 e6 3. d4 cxd4 4. Nxd4 a6 5. Bd3 Bc5 6. Nb3 Be7 7. 0-0 d6 8. Nc3 Nf6 9. f4 Nbd7 10. Qf3 Qc7 11. Bd2 b5 12. a3 Bb7 13. Rae1 0-0 14. Qh3 e5 15. Nd5 Nxd5 16. exd5 g6 17. f5 1/2-1/2

[Event "Benavidez"]
[Site "Benavidez"]
[Date "2013.05.03"]
[Round "8"]
[White "Valiente, Cristobal"]
[Black "Castillo, Santiago"]
[Result "1/2-1/2"]
[WhiteElo "2232"]
[BlackElo "2167"]
[PlyCount "72"]
[EventDate "2013.04.28"]
[EventType "tourn"]
[EventRounds "9"]
[EventCountry "ARG"]
[EventCategory "2"]
[SourceTitle "CBM 154 Extra"]
[Source "ChessBase"]
[SourceDate "2013.06.25"]
[SourceVersion "2"]
[SourceVersionDate "2013.06.25"]
[SourceQuality "1"]

1. Nf3 Nf6 2. g3 c5 3. Bg2 Nc6 4. d4 cxd4 5. Nxd4 g6 6. 0-0 Bg7 7. c4 0-0 8. Nc3 Qb6 9. Nc2 d6 10. b3 Bf5 11. Qd2 Bxc2 12. Qxc2 Rac8 13. Bb2 Rfd8 14. Rad1 Qa5 15. a3 a6 16. Nd5 Nxd5 17. Rxd5 Qc7 18. Bxg7 Kxg7 19. Rfd1 Kg8 20. h4 Ne5 21. Qd2 Qb6 22. Qb4 Qxb4 23. axb4 Nc6 24. b5 Nb4 25. bxa6 bxa6 26. Ra5 Rb8 27. f4 Rdc8 28. Kf2 Rb6 29. h5 Kg7 30. hxg6 hxg6 31. Bf3 Rc7 32. g4 f6 33. g5 f5 34. e4 e6 35. e5 dxe5 36. fxe5 Kf7 1/2-1/2

[Event "Sao Jose do Rio Preto 11th"]
[Site "Sao Jose do Rio Preto"]
[Date "2012.12.20"]
[Round "5"]
[White "Valiente, Cristobal"]
[Black "Rocha, Wellington Carlos"]
[Result "1-0"]
[WhiteElo "2240"]
[BlackElo "2427"]
[PlyCount "53"]
[EventDate "2012.12.17"]
[EventType "tourn"]
[EventRounds "9"]
[EventCountry "BRA"]
[EventCategory "3"]
[SourceTitle "EXT 2014"]
[Source "ChessBase"]
[SourceDate "2013.11.20"]
[SourceVersion "1"]
[SourceVersionDate "2013.11.20"]
[SourceQuality "1"]

1. c4 Nf6 2. Nc3 g6 3. g3 Bg7 4. Bg2 0-0 5. e4 d6 6. Nge2 c5 7. d3 Nc6 8. 0-0 a6 9. a3 Rb8 10. Rb1 b5 11. cxb5 axb5 12. b4 Ba6 13. h3 Nd7 14. Be3 Nd4 15. f4 e6 16. Qd2 f5 17. Bf2 Rf7 18. Rfe1 e5 19. bxc5 dxc5 20. exf5 Rxf5 21. Ne4 Bb7 22. Nxd4 exd4 23. Rxb5 Bd5 24. Qb2 Rxb5 25. Qxb5 Rf8 26. a4 Qc7 27. Nxc5 1-0

[Event "Sao Jose do Rio Preto 11th"]
[Site "Sao Jose do Rio Preto"]
[Date "2012.12.17"]
[Round "1"]
[White "Abdalla, Luiz Guilherme"]
[Black "Valiente, Cristobal"]
[Result "1-0"]
[WhiteElo "2322"]
[BlackElo "2240"]
[PlyCount "97"]
[EventDate "2012.12.17"]
[EventType "tourn"]
[EventRounds "9"]
[EventCountry "BRA"]
[EventCategory "3"]
[SourceTitle "EXT 2014"]
[Source "ChessBase"]
[SourceDate "2013.11.20"]
[SourceVersion "1"]
[SourceVersionDate "2013.11.20"]
[SourceQuality "1"]

1. d4 d5 2. c4 c6 3. Nf3 Nf6 4. e3 Bf5 5. Nc3 e6 6. Nh4 Bg4 7. Qb3 Qb6 8. h3 Bh5 9. g4 Bg6 10. Nxg6 hxg6 11. g5 Nfd7 12. Bd2 Be7 13. f4 dxc4 14. Bxc4 Qxb3 15. Bxb3 Na6 16. Rc1 Nb6 17. Ne4 0-0-0 18. a3 Kb8 19. Bd1 f5 20. gxf6 gxf6 21. b4 Nc8 22. Bb3 Nc7 23. Ke2 Nd6 24. Nc5 Nf5 25. Rcg1 Bxc5 26. dxc5 Ne7 27. Bc3 Rdf8 28. e4 Rh4 29. Rg4 Rh7 30. Rg3 Kc8 31. Bc2 Rh4 32. Kf3 f5 33. Be5 fxe4+ 34. Bxe4 Ncd5 35. Rg4 Rh5 36. Bd6 Rfh8 37. Bxd5 Nxd5 38. Rxg6 Rxh3+ 39. Rxh3 Rxh3+ 40. Kg4 Re3 41. a4 Re4 42. b5 Nxf4 43. Rg8+ Kd7 44. Rg7+ Kc8 45. Kf3 Rxa4 46. Bxf4 cxb5 47. Rc7+ Kb8 48. Re7+ Kc8 49. Bd6 1-0

[Event "Sao Jose do Rio Preto 10th"]
[Site "Sao Jose do Rio Preto"]
[Date "2012.05.30"]
[Round "1"]
[White "Gattass, Allan Arriada"]
[Black "Valiente, Cristobal"]
[Result "1/2-1/2"]
[WhiteElo "2256"]
[BlackElo "2268"]
[PlyCount "30"]
[EventDate "2012.05.30"]
[EventType "tourn"]
[EventRounds "9"]
[EventCountry "BRA"]
[EventCategory "2"]
[SourceTitle "CBM 148 Extra"]
[Source "ChessBase"]
[SourceDate "2012.06.22"]
[SourceVersion "1"]
[SourceVersionDate "2012.06.22"]
[SourceQuality "1"]

1. d4 e6 2. e4 c5 3. Nf3 cxd4 4. Nxd4 a6 5. Bd3 Bc5 6. Nb3 Be7 7. 0-0 d6 8. Nc3 Nf6 9. a4 b6 10. f4 Qc7 11. Kh1 Bb7 12. Qe2 Nbd7 13. Be3 0-0 14. Bg1 Rfe8 15. Rae1 e5 1/2-1/2

[Event "PAR-ch Mayor"]
[Site "Asuncion"]
[Date "2012.05.19"]
[Round "6.3"]
[White "Latorre Lopez Moreira, Luis Matias"]
[Black "Valiente, Cristobal"]
[Result "0-1"]
[WhiteElo "2235"]
[BlackElo "2268"]
[PlyCount "74"]
[EventDate "2012.05.04"]
[EventType "swiss"]
[EventRounds "9"]
[EventCountry "PAR"]
[SourceTitle "EXT 2023"]
[Source "ChessBase"]
[SourceDate "2022.10.05"]
[SourceVersion "1"]
[SourceVersionDate "2022.10.05"]
[SourceQuality "1"]

1. g3 d5 2. c4 c6 3. Nf3 Nf6 4. Bg2 Bf5 5. cxd5 cxd5 6. Qb3 Qb6 7. Nc3 e6 8. Qxb6 axb6 9. Nd4 Bg6 10. d3 Bb4 11. Nc2 Bc5 12. b4 Be7 13. Be3 Nbd7 14. f4 Ng4 15. Bd4 Bf6 16. h3 Ne3 17. Nxe3 Bxd4 18. Kd2 0-0 19. Nc2 Bf6 20. e3 Rfc8 21. Nd4 Nb8 22. Ncb5 Nc6 23. a3 Nxd4 24. exd4 Be7 25. Rhe1 Kf8 26. Bf3 Rc6 27. h4 f5 28. Rxe6 Rxe6 29. Nc7 Bxb4+ 30. axb4 Rxa1 31. Nxe6+ Ke7 32. Nc7 Bf7 33. Nxd5+ Bxd5 34. Bxd5 Rg1 35. h5 Rxg3 36. Ke2 Rh3 37. Bf3 Kd6 0-1

[Event "PAR-ch Mayor"]
[Site "Asuncion"]
[Date "2012.05.14"]
[Round "5.5"]
[White "Valiente, Cristobal"]
[Black "Uribe, Gabriel"]
[Result "1-0"]
[WhiteElo "2268"]
[BlackElo "1872"]
[PlyCount "123"]
[EventDate "2012.05.04"]
[EventType "swiss"]
[EventRounds "9"]
[EventCountry "PAR"]
[SourceTitle "EXT 2023"]
[Source "ChessBase"]
[SourceDate "2022.10.05"]
[SourceVersion "1"]
[SourceVersionDate "2022.10.05"]
[SourceQuality "1"]

1. c4 e5 2. g3 Nf6 3. Bg2 d5 4. cxd5 Nxd5 5. Nf3 Nc6 6. d3 Be7 7. Nc3 Nb6 8. 0-0 Be6 9. Bd2 0-0 10. Rc1 Qd7 11. Re1 f5 12. a3 Kh8 13. b4 Bf6 14. Bg5 Qd8 15. Bxf6 Qxf6 16. Qc2 Rf7 17. b5 Nd8 18. Qd2 Rd7 19. Qg5 Qxg5 20. Nxg5 Bg8 21. Bh3 Nf7 22. Nxf7+ Rxf7 23. Bg2 Rb8 24. a4 Rd7 25. a5 Nc8 26. Bh3 Be6 27. Ne4 Nd6 28. Ng5 Bg8 29. Rc5 Re8 30. Rb1 b6 31. Rc3 Rde7 32. axb6 cxb6 33. Bg2 h6 34. Nf3 Bd5 35. Nh4 Bf7 36. Rc6 Rd7 37. Bh3 Bd5 38. Bg2 Bxg2 39. Kxg2 Kh7 40. Nf3 Ree7 41. h4 g6 42. e3 e4 43. dxe4 Nxe4 44. Nd4 Rc7 45. Rbc1 Nc5 46. h5 Rxc6 47. Nxc6 Rc7 48. hxg6+ Kxg6 49. Ra1 a6 50. bxa6 Nxa6 51. Ne5+ Kf6 52. Rxa6 Kxe5 53. Rxb6 Rh7 54. Kf3 h5 55. Rb5+ Ke6 56. Kf4 h4 57. Rb6+ Kd5 58. gxh4 Rxh4+ 59. Kxf5 Rh2 60. e4+ Kc5 61. Rb2 Kd6 62. e5+ 1-0